00733nam a2200241 a 4500001001300000003000900013005001700022008004100039020001200080082001300092100002200105245006300127260003800190300000900228500003500237505002700272650002600299700002200325902000800347942000700355952011400362999001500476nice12345678IN_TiNIC20260116012947.0050524s1976 usaa grp 000 0 eng  ac292.500a231bBAI aBailey, Kenneth E aGod Is....dialogues on the Nature of God for Young People. aUSAbYouth Club Program Incc1976 a278p aincludes index and biblioraphy2 aAppendex, Bibliography aGod-Biblical Teaching1 aBailey, Kenneth E bSRS cBK 001040708StackRoom-aHMIbHMId2007-06-14g292.50l0o231 BAIp010367r2007-06-14v292.50w2005-05-24yBK c9062d9062